Представление документа в формате RUSMARC

ПолеНазваниеЗначение
  Тип записи a
  Библиографический уровень m
001 Контрольный номер RU/SLIB/B/208754728
005 Дата корректировки 20201206204147.9
010 Индекс ISBN __
d Цена 20-00
101 Язык документа __
a Язык текста rus
200 Заглавие и сведения об ответственности 1_
a Заглавие Памятник Пушкину
e Сведения, относящиеся к заглавию путеводитель
f Первые сведения об ответственности И. М. Суслов
b Общее обозначение материала Текст
210 Выходные данные __
a Место издания М.
c Издательство Моск. рабочий
d Дата издания 1983
215 Физическое описание __
a Объем 64 с., [8] отд. л. ил.
225 Серия __
a Серия Биография московского памятника
330 Аннотация __
a Аннотация Серия «Биография московского памятника» призвана служить путеводителем по достопримечательным местам столицы. Книга рассказывает об истории создания памятника А. С. Пушкину, о торжествах в дни его открытия, о дальнейшей жизни памятника; даются краткие биографические сведения об авторе памятника - скульпторе А. М. Опекушине.
600 Персоналии __
a Персоналии (Фамилия) Пушкин, А. С.
605 Заглавие как предмет __
a Заглавие Памятник А. С. Пушкину
606 Тематические рубрики __
a Основная рубрика Изобразительное искусство и архитектура
y Географическая подрубрика Россия
606 Тематические рубрики __
a Основная рубрика Виды скульптуры
606 Тематические рубрики __
a Основная рубрика Литературоведение
606 Тематические рубрики __
a Основная рубрика Русская литература XIX в.
610 Ключевые слова __
a Ключевые слова памятники культуры; поэты; писатели; персоналии; монументы; памятники скульптуры; скульптурные памятники; скульпторы
686 Индексы других классификаций __
a Классификационный индекс 85.136.1(2)
a Классификационный индекс 83.3(2=411.2)52-8
700 Автор _1
a Фамилия Суслов
b Имя И. М.
4 Код отношения 070
801 Источник записи _0
a Страна RU
b Организация Муниципальное бюджетное учреждение культуры "Централизованная библиотечная система" г. Сургут (Центральная городская библиотека им. А. С. Пушкина)
g Правила каталогизации КиК/Уланова
801 Источник записи _1
a Страна RU
b Организация Муниципальное бюджетное учреждение культуры "Централизованная библиотечная система" г. Сургут (Центральная городская библиотека им. А. С. Пушкина)
g Правила каталогизации КиК/Уланова
852 Данные о местонахождении __
j Шифр хранения 85.136.1(2)
c Каталожный индекс 85.133(2)1, 83.3(2Рос=Рус)1-8
i Авторский знак С 90
p Инвентарный номер 54435
901 Тип документа __
t Тип документа m
969 Тип издания __
a Тип издания путеводитель
990 Данные о заказе (DOS) __
j Количество экземпляров (DOS) 1